Marketingový mix medzinárodne činného podniku z pohľadu prepravky a logistiky (export do USA a Číny)

USA a Čína predstavujú kľúčových hráčov vo svetovom obchode, preto sú významným potenciálom pre vstup na trh. Identifikovanie jednotlivých politík marketingového mixu (produktovej, cenovej, distribučnej a komunikačnej) s cieľom zdôrazniť význam prepravy a logistiky ako efektívneho spôsobu prenikania...

Ausführliche Beschreibung

Gespeichert in:
Bibliographische Detailangaben
1. Verfasser: Khúlová, Lucia, 1984-
Format: Buchkapitel
Sprache:Slowakisch
Schlagworte:
Tags: Tag hinzufügen
Keine Tags, Fügen Sie das erste Tag hinzu!

MARC

LEADER 00000naa a2200000 4500
001 0221906
005 20240502073634.7
041 0 |a slo 
044 |a SK 
245 1 0 |a Marketingový mix medzinárodne činného podniku z pohľadu prepravky a logistiky (export do USA a Číny)  |c Lucia Khúlová 
520 |a USA a Čína predstavujú kľúčových hráčov vo svetovom obchode, preto sú významným potenciálom pre vstup na trh. Identifikovanie jednotlivých politík marketingového mixu (produktovej, cenovej, distribučnej a komunikačnej) s cieľom zdôrazniť význam prepravy a logistiky ako efektívneho spôsobu prenikania na zahraničné trhy na príklade exportu do USA a Číny. Porovnanie logistických výkonov týchto dvoch krajín a zhodnotenie príležitosti a rizík spätých s exportom na daný trh. 
610 2 0 |a USA 
610 2 0 |a Čína 
610 2 0 |a podnik medzinárodný 
610 2 0 |a preprava 
610 2 0 |a logistika 
610 2 0 |a vývoz 
610 2 0 |a distribúcia 
610 2 0 |a marketing mix 
100 1 |a Khúlová, Lucia, 1984-